Dr. S. R. Lasker Library Online Catalogue

Home      Library Home      Institutional Repository      E-Resources      MyAthens      EWU Home

Literary theory : (Record no. 4181)

MARC details
000 -LEADER
fixed length control field 02769cam a2200385 a 4500
001 - CONTROL NUMBER
control field 4181
003 - CONTROL NUMBER IDENTIFIER
control field BD-DhEWU
005 - DATE AND TIME OF LATEST TRANSACTION
control field 20160210020002.0
008 - FIXED-LENGTH DATA ELEMENTS--GENERAL INFORMATION
fixed length control field 030813s2004 mau g b 001 0 eng d
020 ## - INTERNATIONAL STANDARD BOOK NUMBER
International Standard Book Number 1405106956 (alk. paper)
International Standard Book Number 9781405106955
International Standard Book Number 1405106964 (pb : alk. paper)
International Standard Book Number 9781405106962
035 ## - SYSTEM CONTROL NUMBER
System control number (OCoLC)52895349
040 ## - CATALOGING SOURCE
Original cataloging agency DLC
Transcribing agency DLC
Modifying agency DLC
-- BD-DhEWU
Language of cataloging eng
041 ## - LANGUAGE CODE
Language code of text/sound track or separate title eng
050 00 - LIBRARY OF CONGRESS CALL NUMBER
Classification number PN45
Item number .L512 2004
082 04 - DEWEY DECIMAL CLASSIFICATION NUMBER
Classification number 801
Item number LIT 2004
245 00 - TITLE STATEMENT
Title Literary theory :
Remainder of title an anthology /
Statement of responsibility, etc edited by Julie Rivkin and Michael Ryan.
250 ## - EDITION STATEMENT
Edition statement 2nd ed.
260 ## - PUBLICATION, DISTRIBUTION, ETC. (IMPRINT)
Place of publication, distribution, etc Malden, MA :
Name of publisher, distributor, etc Blackwell Pub.,
Date of publication, distribution, etc 2004.
300 ## - PHYSICAL DESCRIPTION
Extent xx, 1314 p. ;
Dimensions 26 cm.
504 ## - BIBLIOGRAPHY, ETC. NOTE
Bibliography, etc Includes bibliographical references and index.
505 ## - FORMATTED CONTENTS NOTE
Title TOC
Formatted contents note pt. 1. Formalisms: Russian formalism and new criticism --<br/>pt. 2. Structuralism, linguistics, narratology --pt. 3. Rhetoric, phenomenology, reader response --<br/>pt. 4. Post-structuralism, deconstruction, post-modernism --<br/>pt. 5. Psychoanalysis and psychology --<br/>pt. 6. Historicisms --<br/>pt. 7. Political criticism: from Marxism to cultural materialism --<br/>pt. 8. Feminism --<br/>pt. 9. Gender studies --<br/>pt. 10. Ethnic literacy and cultural studies. critical race theory --<br/>pt. 11. Colonial, post-colonial and transnational studies --<br/>pt. 12 Cultural studies.
520 ## - SUMMARY, ETC.
Summary, etc Summary: <br/>"Literary Theory: An Anthology is a collection of classic and contemporary statements in the field of literary theory and criticism. It is an invaluable resource for students who wish to familiarize themselves with the most recent developments in literary theory and with the traditions from which these new theories are derived." "The anthology represents all the major schools and methods that make up the dynamic field of literary theory. It contains classic texts from a range of movements, including Formalism, Structuralism, Marxism, Psychoanalysis, Deconstruction, Historicism, and Feminism, and incorporates cutting-edge work by leading theoreticians in the fields of Postmodernism, Cultural Studies, Post-Colonialism, Gay and Lesbian studies, and Ethnic Studies. For the second edition, the content has been updated to include the most recent influential texts, particularly in the areas of Ethnic studies, Transnational studies, and cultural studies."--BOOK JACKET.
526 ## - STUDY PROGRAM INFORMATION NOTE
Program name English
590 ## - LOCAL NOTE (RLIN)
Local note Sagar Shahanawaz
650 #0 - SUBJECT ADDED ENTRY--TOPICAL TERM
Topical term or geographic name as entry element Literature
General subdivision Philosophy.
9 (RLIN) 12003
Topical term or geographic name as entry element Literature
General subdivision History and criticism
-- Theory, etc.
9 (RLIN) 12004
700 1# - ADDED ENTRY--PERSONAL NAME
Personal name Rivkin, Julie.
9 (RLIN) 12005
Personal name Ryan, Michael,
Dates associated with a name 1951-
9 (RLIN) 12006
856 ## - ELECTRONIC LOCATION AND ACCESS
Materials specified WorldCat details
Uniform Resource Identifier http://www.worldcat.org/title/literary-theory-an-anthology/oclc/52895349&referer=brief_results
942 ## - ADDED ENTRY ELEMENTS (KOHA)
Source of classification or shelving scheme Dewey Decimal Classification
Koha item type Text
Koha issues (borrowed), all copies 5
Holdings
Withdrawn status Lost status Source of classification or shelving scheme Damaged status Not for loan Collection code Home library Current library Shelving location Date acquired Source of acquisition Cost, normal purchase price Total Checkouts Full call number Barcode Date last seen Date checked out Copy number Koha item type
    Dewey Decimal Classification   Not For Loan Non-fiction Dr. S. R. Lasker Library, EWU Dr. S. R. Lasker Library, EWU Reserve Section 07/08/2005 Karim International 1.00 2 801 LIT 2004 15666 09/02/2016 09/02/2016 C-1 Text
    Dewey Decimal Classification     Non-fiction Dr. S. R. Lasker Library, EWU Dr. S. R. Lasker Library, EWU Circulation Section 28/09/2005 Karim International 1999.00 8 801 LIT 2004 16134 18/04/2016 08/09/2015 C-3 Text
    Dewey Decimal Classification   Not For Loan Non-fiction Dr. S. R. Lasker Library, EWU Dr. S. R. Lasker Library, EWU Reserve Section 07/08/2005 Bangaldesh Photostat 1484.00   801 LIT 2004 15667     C-2 Text